| 000 | 00852nam a2200253 i 4500 | ||
|---|---|---|---|
| 001 | 66694 | ||
| 003 | ES-MaACL | ||
| 005 | 20250830232212.0 | ||
| 007 | t| | ||
| 008 | 040323s2002 ag ||||1| spa d | ||
| 020 | _a987-1081-00-6 | ||
| 080 | _a327.2(73) | ||
| 100 | 1 |
_aChomsky, Noam, _d1928- _938607 |
|
| 245 | 1 | 3 |
_aEl terror como política exterior de Estados Unidos / _cNoam Chomsky ; [traducción Carol Abousleiman, Octavio Kulesz]. |
| 250 | _a[5ª ed.], 4ª reimp. | ||
| 260 |
_aBuenos Aires : _bLibros del Zorzal, _c[2002] |
||
| 300 |
_a121 p. ; _c18 cm. |
||
| 650 |
_aImperialismo- _zEstados Unidos. _913601 |
||
| 651 | 7 |
_aEstados Unidos- _xPolítica exterior- _yS.XXI _2 _9144134 |
|
| 700 | 1 |
_aAbousleiman, Carol. _918116 |
|
| 700 | 1 |
_aKulesz, Octavio. _969006 |
|
| 852 |
_aES-MaACL _jL-27134 _bR.132719 |
||
| 999 |
_c66694 _d66694 |
||